000 00543nam a2200169Ia 4500
008 240729s9999 xx 000 0 und d
022 _a1943-7226
245 0 _aGIScience & Remote Sensing
260 _aUnited Kingdom
260 _bTaylor & Francis Group
650 _a Environmental sciences
650 _a Mathematical geography. Cartography | Geography. Anthropology. Recreation
650 _aGeography. Anthropology. Recreation
856 _uhttps://doaj.org/toc/cd2ff515abac43e5b9d3c897062bd6ec
942 _2ddc
942 _cDOAJEJ
999 _c69049
_d69049
945 _a1
_bMadushi Gamage
_c1
_dMadushi Gamage